| 000 | 00900nam a2200241 i 4500 | ||
|---|---|---|---|
| 999 |
_c7756 _d7756 |
||
| 001 | 991058478168306706 | ||
| 003 | OSt | ||
| 005 | 20230718103300.0 | ||
| 006 | m o d | | ||
| 007 | cr ||||||||||| | ||
| 008 | 201029s2019 sp a ob 000 0 spa d | ||
| 040 |
_aCDMR _cCDMR _bcat |
||
| 100 |
_aKapoor, Sayash _94865 |
||
| 245 | 1 | 0 |
_aA checklist of eighteen pitfalls in AI journalism [recurs electrònic] / _c Sayash Kapoor, Arvind Narayanan |
| 264 | 1 | _c[2022] | |
| 300 | _a1 recurs electrònic (7 pàgines) | ||
| 505 | _aPublicat a la pàgina web AI Snake Oil el 30 de setembre de 2022 | ||
| 650 | 0 |
_aIntel·ligència artificial _94722 _xAspectes ètics i morals |
|
| 650 | 0 |
_aPeriodisme _92272 _xInnovacions tecnològiques |
|
| 700 |
_94866 _aNarayanan, Arvind |
||
| 856 |
_zAccés en línia _uhttps://www.cs.princeton.edu/~sayashk/ai-hype/ai-reporting-pitfalls.pdf |
||
| 942 |
_2udc _cLLIBRE-E |
||